| 000 | 00351nam a2200121Ia 4500 | ||
|---|---|---|---|
| 008 | 190216s9999||||xx |||||||||||||| ||und|| | ||
| 100 | _aCareer Stuy Centre
 | ||
| 245 | 0 | _aAdmission To M B B S At A Glance | |
| 260 |
_bCentral Institute For Research &training _c1982 |
||
| 300 | _a45p | ||
| 650 | _aAdmission To M B B S At A Glance | ||
| 942 | _cREF | ||
| 999 |
_c35820 _d35820 |
||